| Other Authors: | , |
|---|---|
| Format: | Book |
| Published: |
Kuala Lumpur :
Utusan Pub. & Dist. ,
2000
|
| Subjects: |
MARC
| LEADER | 00000cam a2200000 7i4500 | ||
|---|---|---|---|
| 001 | 0000001195 | ||
| 005 | 20140130.0 | ||
| 020 | 0 | 0 | |a 9676110574 |
| 090 | 0 | 0 | |a 307.1409595 |b PEM 2000 |
| 260 | 0 | 0 | |a Kuala Lumpur : |b Utusan Pub. & Dist. , |c 2000 |
| 300 | |a 318 p. : |b ill., map ; |c 25 cm. | ||
| 500 | 0 | 0 | |a Includes bibliographical references |
| 650 | 0 | 0 | |a Community development |z Malaysia |
| 651 | 0 | 0 | |a Malaysia |x Social conditions |
| 700 | 0 | 1 | |a Fashbir Noor Sidin |
| 700 | 0 | 1 | |a Mohd. Razali Agus |
| 998 | |a JPSM | ||
| 999 | |a 0000002376 |b Monograph |c Open Shelf |e Default branch | ||